Quiz sur l'histoire de France - Niveau moyen - Statistiques

Statistiques générales
  • Ce quiz a été pris 348 fois
  • Le résultat moyen est 7 sur 20
Statistiques - réponses
Hint Réponse % Correct
En quelle année a eu lieu la Révolution française ? 1789
91%
Quel roi est connu pour avoir unifié la France au début du XVe siècle ? Louis XI
73%
Qui a été le leader de la France libre pendant la Seconde Guerre mondiale ? Charles de Gaulle
66%
Qui était le roi de France au moment de la Révolution française ? Louis XVI
62%
Quel document a été proclamé le 26 août 1789 ? La Déclaration des droits de l'homme et du citoyen
58%
Quelle bataille a marqué la fin de l'Empire napoléonien en 1815 ? La bataille de Waterloo
57%
Quel roi français a construit le château de Versailles ? Louis XIV
56%
En quelle année la France a-t-elle aboli la peine de mort ? 1981
49%
Quel traité a mis fin à la Première Guerre mondiale pour la France ? Le traité de Versailles
44%
Qui était le premier empereur des Français ? Napoléon Bonaparte
42%
En quelle année la France a-t-elle signé le Traité de Maastricht ? 1992
34%
Qui a été le chef des armées françaises pendant la Guerre de Cent Ans ? Jeanne d'Arc
26%
Quel mouvement artistique a émergé en France au début du XIXe siècle, connu pour sa réaction contre le néoclassicisme ? Le romantisme
18%
Quel célèbre monument a été construit pour célébrer les victoires de Napoléon ? L'Arc de Triomphe
17%
Qui a écrit "Le Discours de la Méthode" au XVIIe siècle ? René Descartes
16%
Quel est le nom de la période de conflit civil entre catholiques et protestants au XVIe siècle ? Les Guerres de Religion
14%
Qui a été le président de la France pendant la Seconde Guerre mondiale ? Albert Lebrun
8%
Quelle bataille célèbre a eu lieu en 1415 pendant la Guerre de Cent Ans ? La bataille d'Azincourt
8%
Quel est le nom de la période de paix relative en France sous le règne de Louis XIV ? Le Grand Siècle
1%
Quel événement a marqué le début de la Seconde Guerre mondiale pour la France ? L'invasion allemande en 1940
0%
Aucun quiz correspondant
Distribution des résultats
% des personnes avec chaque résultat
Percentile par nombre de réponses
Votre historique - résultats
Vous n’avez pas pris ce quiz